| LEADER |
00649nam0a2200205 450 |
| 001 |
16826193 |
| 010 |
|
|
|a 978-2-37102-035-1
|b br.
|d 15
|
| 100 |
|
|
|a 20150306d2026 u u0frey01 ba
|
| 101 |
1 |
|
|a fre
|c eng
|
| 102 |
|
|
|a FR
|
| 200 |
0 |
|
|a The book of Ivy
|f Amy Engel
|g traduit de l'anglais (Etats-Unis) par Anaïs Goacolou
|
| 207 |
|
1 |
|a
|
| 210 |
|
|
|a [Paris]
|c Lumen
|d DL 2015
|
| 215 |
|
|
|a 1 vol. (341 p.)
|d 23 cm
|
| 461 |
|
0 |
|t Ivy
|v 1
|
| 700 |
|
0 |
|a Engel
|b Amy
|4 70
|
| 702 |
|
0 |
|a Goacolou
|b Anaïs
|4 730
|
| 900 |
|
|
|a Science Fiction
|
| 901 |
|
|
|a Accessible au prêt
|
| 995 |
|
|
|a Bibliothèque
|c Bibliothèque
|f 024017490
|h 024017490
|k SF ENG
|o p
|q a
|r az
|e Bibliothèque
|